[Event "Liberec Region-chT 2223"]
[Site "Czech Republic"]
[Date "2023.01.29"]
[Round "7.3"]
[White "Novak, Jan"]
[Black "Petrlik, Martin"]
[Result "1-0"]
[WhiteElo "1991"]
[BlackElo "1834"]
[PlyCount "61"]
[EventDate "2022.10.09"]
[EventType "team-tourn"]
[EventRounds "11"]
[EventCountry "CZE"]
[SourceTitle "EXT 2024"]
[Source "ChessBase"]
[SourceDate "2023.10.10"]
[SourceVersion "1"]
[SourceVersionDate "2023.10.10"]
[SourceQuality "1"]

1. f4 d5 2. Nf3 Nc6 3. e3 g6 4. Bb5 Bd7 5. 0-0 Bg7 6. d3 e6 7. Bxc6 Bxc6 8. Ne5 Ne7 9. b3 Qd6 10. Ba3 Qd8 11. Nd2 Nf5 12. Qf3 d4 13. Nxc6 Qd7 14. Ne5 Bxe5 15. fxe5 dxe3 16. Qxb7 Qd5 17. Qxd5 exd5 18. Nf3 0-0-0 19. d4 Rhg8 20. Rae1 h5 21. Bc1 g5 22. Bxe3 g4 23. Nd2 Nxe3 24. Rxe3 Rgf8 25. Rf6 Rde8 26. Re2 Kd7 27. Ref2 Re7 28. Nf1 h4 29. Ne3 g3 30. hxg3 hxg3 31. R2f3 1-0

[Event "CZE-chT2C 2223"]
[Site "Czech Republic"]
[Date "2023.01.22"]
[Round "7.8"]
[White "Stolba, Milos"]
[Black "Novak, Jan"]
[Result "1/2-1/2"]
[WhiteElo "2006"]
[BlackElo "1997"]
[PlyCount "51"]
[EventDate "2022.10.16"]
[EventType "team-tourn"]
[EventRounds "11"]
[EventCountry "CZE"]
[SourceTitle "EXT 2024"]
[Source "ChessBase"]
[SourceDate "2023.10.10"]
[SourceVersion "1"]
[SourceVersionDate "2023.10.10"]
[SourceQuality "1"]
[WhiteTeam "Kutna Hora"]
[BlackTeam "Liberec"]
[WhiteTeamCountry "CZE"]
[BlackTeamCountry "CZE"]

1. d4 e6 2. Nf3 Nf6 3. g3 b6 4. Bg2 Bb7 5. 0-0 c5 6. e3 Be7 7. c4 cxd4 8. exd4 d5 9. Ne5 Nbd7 10. Nc3 0-0 11. Bf4 Rc8 12. cxd5 Bxd5 13. Qa4 Bxg2 14. Kxg2 Nxe5 15. dxe5 Nd5 16. Rfd1 Nxc3 17. bxc3 Qc7 18. Rd7 Qxc3 19. Rc1 Qa3 20. Qxa3 Bxa3 21. Rxc8 Rxc8 22. Rxa7 Bc5 23. Kf3 h6 24. Be3 Bxe3 25. Kxe3 Rc3+ 26. Ke4 1/2-1/2

[Event "CZE-chT2C 1920"]
[Site "Czech Republic"]
[Date "2019.11.17"]
[Round "3.8"]
[White "Janous, Petr"]
[Black "Novak, Jan"]
[Result "1/2-1/2"]
[WhiteElo "2012"]
[BlackElo "1980"]
[PlyCount "60"]
[EventDate "2019.10.13"]
[EventType "team-tourn"]
[EventRounds "11"]
[EventCountry "CZE"]
[SourceTitle "EXT 2024"]
[Source "ChessBase"]
[SourceDate "2023.10.10"]
[SourceVersion "1"]
[SourceVersionDate "2023.10.10"]
[SourceQuality "1"]
[WhiteTeam "Bakov nad Jizerou"]
[BlackTeam "Liberec Desko"]
[WhiteTeamCountry "CZE"]
[BlackTeamCountry "CZE"]

1. e4 e6 2. d4 d5 3. exd5 exd5 4. Nf3 Nf6 5. Bd3 Bd6 6. Qe2+ Qe7 7. Qxe7+ Bxe7 8. Bf4 Bd6 9. Bxd6 cxd6 10. Nbd2 0-0 11. 0-0 Nc6 12. c3 Re8 13. Rfe1 Bd7 14. Kf1 Kf8 15. Rxe8+ Rxe8 16. Re1 Rxe1+ 17. Nxe1 Ne7 18. f3 Bf5 19. Kf2 Bxd3 20. Nxd3 Ke8 21. Nf1 Kd7 22. Ne3 h6 23. h4 Ne8 24. g4 g5 25. Kg3 f6 26. Nf2 Nc7 27. Nd3 Ne6 28. f4 Nc7 29. Nf5 Ng8 30. Ne3 Ne7 1/2-1/2

[Event "CZE-chT2B 1617"]
[Site "Czech Republic"]
[Date "2017.03.19"]
[Round "10.7"]
[White "Vacek, Radomir"]
[Black "Novak, Jan"]
[Result "1/2-1/2"]
[WhiteElo "2039"]
[BlackElo "1938"]
[PlyCount "51"]
[EventDate "2016.10.09"]
[EventType "team-tourn"]
[EventRounds "11"]
[EventCountry "CZE"]
[SourceTitle "EXT 2022"]
[Source "ChessBase"]
[SourceDate "2021.10.06"]
[SourceVersion "1"]
[SourceVersionDate "2021.10.06"]
[SourceQuality "1"]
[WhiteTeam "Bakov nad Jizerou"]
[BlackTeam "Liberec Desko"]
[WhiteTeamCountry "CZE"]
[BlackTeamCountry "CZE"]

1. d4 Nf6 2. c4 e6 3. Nf3 Bb4+ 4. Nbd2 0-0 5. g3 d5 6. Qc2 c5 7. dxc5 Bxc5 8. Nb3 Bb4+ 9. Bd2 Bxd2+ 10. Nbxd2 Qc7 11. Rc1 b6 12. Bg2 Bb7 13. 0-0 Nbd7 14. cxd5 Qxc2 15. Rxc2 Nxd5 16. Nd4 a6 17. Rfc1 Rfc8 18. Ne4 Rxc2 19. Rxc2 Rd8 20. Nd6 Ba8 21. Bxd5 Bxd5 22. Nc6 Bxc6 23. Rxc6 Kf8 24. f4 Rb8 25. b4 Ke7 26. Nc4 1/2-1/2

[Event "Orlova op 13th"]
[Site "Orlova"]
[Date "2016.05.27"]
[Round "7"]
[White "Novak, Jan"]
[Black "Ben, Jaroslaw"]
[Result "1/2-1/2"]
[WhiteElo "1483"]
[BlackElo "1617"]
[PlyCount "30"]
[EventDate "2016.05.21"]
[EventType "swiss"]
[EventRounds "9"]
[EventCountry "CZE"]
[SourceTitle "EXT 2017"]
[Source "ChessBase"]
[SourceDate "2016.10.25"]
[SourceVersion "1"]
[SourceVersionDate "2016.10.25"]
[SourceQuality "1"]

1. b3 d5 2. Bb2 Bf5 3. Nf3 e6 4. e3 Nf6 5. c4 c6 6. d4 Bd6 7. Bd3 Bxd3 8. Qxd3 Ne4 9. c5 Bc7 10. 0-0 0-0 11. Nc3 f5 12. Ne5 Nd7 13. f4 Ndf6 14. Nxe4 Nxe4 15. b4 Bxe5 1/2-1/2

[Event "Orlova op 13th"]
[Site "Orlova"]
[Date "2016.05.24"]
[Round "4"]
[White "Novak, Jan"]
[Black "Orzechowski, Michal"]
[Result "0-1"]
[WhiteElo "1483"]
[BlackElo "1630"]
[PlyCount "48"]
[EventDate "2016.05.21"]
[EventType "swiss"]
[EventRounds "9"]
[EventCountry "CZE"]
[SourceTitle "EXT 2017"]
[Source "ChessBase"]
[SourceDate "2016.10.25"]
[SourceVersion "1"]
[SourceVersionDate "2016.10.25"]
[SourceQuality "1"]

1. b3 e5 2. Bb2 Nc6 3. e3 d5 4. Bb5 Bd6 5. Nf3 Qe7 6. Bxc6+ bxc6 7. h3 Nf6 8. d3 0-0 9. Nbd2 Re8 10. e4 Nh5 11. g3 f5 12. Qe2 fxe4 13. dxe4 d4 14. 0-0-0 Kh8 15. Kb1 Nf6 16. Nh4 a5 17. Nf5 Bxf5 18. exf5 Ba3 19. Nc4 Bxb2 20. Nxb2 Nd5 21. Na4 Qa3 22. Rhe1 Nc3+ 23. Nxc3 dxc3 24. Rd3 Qb2# 0-1

[Event "Orlova op 13th"]
[Site "Orlova"]
[Date "2016.05.21"]
[Round "1"]
[White "Sramek, Ondrej"]
[Black "Novak, Jan"]
[Result "1-0"]
[WhiteElo "1925"]
[BlackElo "1483"]
[PlyCount "139"]
[EventDate "2016.05.21"]
[EventType "swiss"]
[EventRounds "9"]
[EventCountry "CZE"]
[SourceTitle "EXT 2017"]
[Source "ChessBase"]
[SourceDate "2016.10.25"]
[SourceVersion "1"]
[SourceVersionDate "2016.10.25"]
[SourceQuality "1"]

1. e4 e5 2. Nf3 Nc6 3. Bc4 Bc5 4. c3 Nf6 5. d4 exd4 6. cxd4 Bb4+ 7. Nc3 d5 8. exd5 Nxd5 9. 0-0 Bxc3 10. bxc3 0-0 11. Re1 h6 12. Ba3 Be6 13. Bxf8 Qxf8 14. Qd2 Qa3 15. Bxd5 Bxd5 16. Ne5 Re8 17. c4 Be6 18. Nxc6 bxc6 19. Re3 Qa4 20. d5 cxd5 21. cxd5 Rd8 22. Rae1 Rxd5 23. Qb2 Rd1 24. Qb8+ Kh7 25. Qxc7 Rxe1+ 26. Rxe1 Qxa2 27. f3 a5 28. Qe5 a4 29. Qe4+ g6 30. h4 h5 31. g4 hxg4 32. h5 gxf3 33. hxg6+ fxg6 34. Qxf3 Qd5 35. Qe3 Bf5 36. Qe7+ Kg8 37. Qa7 Qd7 38. Qc5 Kf7 39. Qc4+ Kf8 40. Qc5+ Kf7 41. Rc1 Kf6 42. Qb6+ Kg5 43. Qe3+ Kf6 44. Rc5 Qd1+ 45. Kf2 Qd6 46. Qc3+ Kg5 47. Ke1 Qe6+ 48. Re5 Qb3 49. Qd2+ Kg4 50. Qd4+ Kh5 51. Kf2 a3 52. Re2 Qb8 53. Kg2 Qa8+ 54. Kg1 Qf3 55. Qh8+ Kg5 56. Rg2+ Bg4 57. Qd8+ Kh5 58. Qh8+ Kg5 59. Qe5+ Kh4 60. Qe7+ Kh5 61. Rh2+ Bh3 62. Qh7+ Kg4 63. Qxg6+ Kh4 64. Qh6+ Kg4 65. Qe6+ Kh4 66. Qe7+ Kg4 67. Qe6+ Kh4 68. Qe1+ Kg4 69. Qb4+ Qf4 70. Qxf4+ 1-0

[Event "Orlova op-A 12th"]
[Site "Orlova"]
[Date "2015.05.29"]
[Round "6"]
[White "Novak, Jan"]
[Black "Nespor, Ivan"]
[Result "1/2-1/2"]
[WhiteElo "1365"]
[BlackElo "1730"]
[PlyCount "99"]
[EventDate "2015.05.24"]
[EventType "swiss"]
[EventRounds "9"]
[EventCountry "CZE"]
[SourceTitle "CBM 166 Extra"]
[Source "ChessBase"]
[SourceDate "2015.06.18"]
[SourceVersion "1"]
[SourceVersionDate "2015.06.18"]
[SourceQuality "1"]

1. e4 d6 2. d4 Nf6 3. Nc3 c6 4. Nf3 Qc7 5. Bd3 Nbd7 6. 0-0 e5 7. d5 Be7 8. Bg5 h6 9. Bh4 g5 10. Bg3 Nc5 11. dxc6 bxc6 12. Re1 Bg4 13. h3 Bh5 14. Qd2 Qd7 15. Nh2 g4 16. h4 Bg6 17. b4 Nxd3 18. cxd3 Nh5 19. d4 Nxg3 20. fxg3 Bf6 21. Rf1 Bg7 22. d5 cxd5 23. Qxd5 0-0 24. Rad1 Rab8 25. a3 Rfc8 26. Rd3 Rb7 27. Rc1 Rbc7 28. Nf1 h5 29. Rc2 Kh7 30. Ne3 Qc6 31. Re2 Bh6 32. Qxc6 Bxe3+ 33. Rexe3 Rxc6 34. Nb5 Rc1+ 35. Kf2 R8c2+ 36. Re2 Bxe4 37. Rdd2 Rxd2 38. Rxd2 d5 39. Nd6 Bg6 40. Rxd5 Rc2+ 41. Kf1 Rc6 42. Nb5 a6 43. Nd6 e4 44. b5 axb5 45. Nxb5 Rc2 46. a4 Ra2 47. Nc3 Ra3 48. Rc5 Kg7 49. a5 Kf8 50. Ke2 1/2-1/2

[Event "Orlova op-A 12th"]
[Site "Orlova"]
[Date "2015.05.28"]
[Round "5"]
[White "Novak, Jan"]
[Black "Koci, Tomas"]
[Result "1/2-1/2"]
[WhiteElo "1365"]
[BlackElo "1703"]
[PlyCount "35"]
[EventDate "2015.05.24"]
[EventType "swiss"]
[EventRounds "9"]
[EventCountry "CZE"]
[SourceTitle "CBM 166 Extra"]
[Source "ChessBase"]
[SourceDate "2015.06.18"]
[SourceVersion "1"]
[SourceVersionDate "2015.06.18"]
[SourceQuality "1"]

1. e4 e5 2. Nf3 Nc6 3. Nc3 Nf6 4. Bc4 Nxe4 5. Bxf7+ Kxf7 6. Nxe4 d5 7. Neg5+ Kg8 8. d4 e4 9. Ne5 Nxe5 10. dxe5 h6 11. Nxe4 Be6 12. Ng3 Bc5 13. 0-0 Qe8 14. Be3 Bxe3 15. fxe3 Qg6 16. Qd3 Qg5 17. Qc3 h5 18. e4 1/2-1/2

[Event "CZE-chT2B 1314"]
[Site "Czech Republic"]
[Date "2014.02.16"]
[Round "8.8"]
[White "Novak, Jan"]
[Black "Chaloupka, Frantisek"]
[Result "1/2-1/2"]
[WhiteElo "1961"]
[BlackElo "2061"]
[PlyCount "107"]
[EventDate "2013.11.03"]
[EventType "team-tourn"]
[EventRounds "11"]
[EventCountry "CZE"]
[SourceTitle "EXT 2015"]
[Source "ChessBase"]
[SourceDate "2014.11.20"]
[SourceVersion "1"]
[SourceVersionDate "2014.11.20"]
[SourceQuality "1"]
[WhiteTeam "Liberec Desko"]
[BlackTeam "Litomerice"]
[WhiteTeamCountry "CZE"]
[BlackTeamCountry "CZE"]

1. f4 d5 2. Nf3 c5 3. e3 g6 4. Bb5+ Bd7 5. Qe2 a6 6. Bxd7+ Nxd7 7. Nc3 e6 8. b3 Bg7 9. Bb2 Ne7 10. 0-0 0-0 11. d3 Qc7 12. Rae1 Rad8 13. Nd1 c4 14. Bxg7 Kxg7 15. Nf2 Rc8 16. Qd2 cxb3 17. cxb3 Qc3 18. Rc1 Qxd2 19. Nxd2 Nf5 20. Rfe1 Nb6 21. Nf1 Rfd8 22. d4 Nd7 23. Nd3 Kf8 24. h3 h5 25. Kf2 a5 26. Nd2 Nd6 27. Rxc8 Rxc8 28. Rc1 Rxc1 29. Nxc1 Nf6 30. Kf3 Nfe4 31. Nxe4 Nxe4 32. g4 hxg4+ 33. hxg4 Ke7 34. Nd3 b6 35. g5 Nc3 36. Nc1 Kd6 37. a4 b5 38. axb5 Nxb5 39. Nd3 Nc3 40. Ne5 Ne4 41. Nxf7+ Ke7 42. Ne5 Nd2+ 43. Ke2 Nxb3 44. Nxg6+ Ke8 45. Kd1 a4 46. Kc2 Na5 47. Ne5 Nb7 48. g6 Kf8 49. Nd7+ Kg7 50. Nc5 Nd6 51. Nxe6+ Kxg6 52. Nc7 Kf5 53. Nxd5 Ke4 54. Nc3+ 1/2-1/2

[Event "Havirov op 14th"]
[Site "Havirov"]
[Date "2013.08.30"]
[Round "7"]
[White "Novak, Jan"]
[Black "Skockova, Katerina"]
[Result "0-1"]
[WhiteElo "1100"]
[BlackElo "1771"]
[PlyCount "60"]
[EventDate "2013.08.24"]
[EventType "swiss"]
[EventRounds "9"]
[EventCountry "CZE"]
[SourceTitle "CBM 156 Extra"]
[Source "ChessBase"]
[SourceDate "2013.10.22"]
[SourceVersion "1"]
[SourceVersionDate "2013.10.22"]
[SourceQuality "1"]

1. e4 e5 2. Nf3 Nc6 3. Bc4 Nf6 4. d3 Bc5 5. 0-0 d6 6. h3 Be6 7. Bb3 Qd7 8. Bxe6 Qxe6 9. Be3 Bb6 10. Nc3 0-0-0 11. Bxb6 axb6 12. Re1 h6 13. d4 exd4 14. Nxd4 Qe5 15. Nxc6 bxc6 16. Qc1 g5 17. Qe3 g4 18. h4 g3 19. fxg3 Rdg8 20. Kh2 Ng4+ 21. Kh3 Nxe3 22. Rxe3 Rg7 23. Rf1 Rhg8 24. Rff3 Re8 25. Rf5 Qxf5+ 26. exf5 Rxe3 27. Kh2 Rexg3 28. f6 Rxg2+ 29. Kh1 R7g4 30. Nd1 Rg1+ 0-1

[Event "Havirov op 14th"]
[Site "Havirov"]
[Date "2013.08.27"]
[Round "4"]
[White "Maroszczyk, Wieslaw"]
[Black "Novak, Jan"]
[Result "1-0"]
[WhiteElo "1965"]
[BlackElo "1100"]
[PlyCount "59"]
[EventDate "2013.08.24"]
[EventType "swiss"]
[EventRounds "9"]
[EventCountry "CZE"]
[SourceTitle "CBM 156 Extra"]
[Source "ChessBase"]
[SourceDate "2013.10.22"]
[SourceVersion "1"]
[SourceVersionDate "2013.10.22"]
[SourceQuality "1"]

1. d4 d5 2. c4 c6 3. Nf3 Nf6 4. Nc3 e6 5. Bg5 Be7 6. e3 Nbd7 7. Rc1 0-0 8. Bd3 b6 9. 0-0 Bb7 10. Re1 Rc8 11. cxd5 cxd5 12. Qa4 a5 13. Bb5 Rc7 14. Bf4 Rc8 15. h3 h6 16. Rc2 Nb8 17. Rec1 Bd6 18. Ne5 Na6 19. a3 Qe7 20. Bc6 Bxc6 21. Nxc6 Qc7 22. Nb5 Qd7 23. Bxd6 Rfe8 24. Ne7+ Rxe7 25. Rxc8+ Kh7 26. Bxe7 Qxe7 27. Nc7 Nxc7 28. R1xc7 Qd6 29. Qc2+ Ne4 30. Rxf7 1-0

[Event "CZE-chT2B 1213"]
[Site "Czech Republic"]
[Date "2013.02.17"]
[Round "9.8"]
[White "Novak, Jan"]
[Black "Matyska, Jiri"]
[Result "1-0"]
[WhiteElo "1932"]
[BlackElo "1944"]
[PlyCount "61"]
[EventDate "2012.10.14"]
[EventType "team-tourn"]
[EventRounds "11"]
[EventCountry "CZE"]
[SourceTitle "EXT 2015"]
[Source "ChessBase"]
[SourceDate "2014.11.20"]
[SourceVersion "1"]
[SourceVersionDate "2014.11.20"]
[SourceQuality "1"]
[WhiteTeam "Liberec Desko"]
[BlackTeam "Praha Dukla"]
[WhiteTeamCountry "CZE"]
[BlackTeamCountry "CZE"]

1. e4 b6 2. d4 Bb7 3. Bd3 e6 4. Nf3 Nf6 5. Qe2 d5 6. e5 Nfd7 7. 0-0 c5 8. c3 Nc6 9. Ng5 cxd4 10. Nxe6 Qb8 11. Nxd4 Qxe5 12. Re1 Qxe2 13. Rxe2+ Kd8 14. Bf4 Nxd4 15. cxd4 Nf6 16. Nc3 Rc8 17. Nb5 a6 18. Nd6 Bxd6 19. Bxd6 Re8 20. Be5 Nd7 21. Bxg7 Rxe2 22. Bxe2 Rc2 23. Bd3 Rxb2 24. Bxh7 b5 25. h4 Re2 26. h5 f6 27. Bg6 Ke7 28. Kf1 Re6 29. h6 Nf8 30. Bf5 Kf7 31. Bxf8 1-0

[Event "CZE-ch U10"]
[Site "Zlate Hory"]
[Date "2006.03.18"]
[Round "9"]
[White "Zolnercik, Martin"]
[Black "Novak, Jan"]
[Result "1-0"]
[WhiteElo "1323"]
[BlackElo "1000"]
[PlyCount "80"]
[EventDate "2006.03.11"]
[EventType "swiss"]
[EventRounds "9"]
[EventCountry "CZE"]
[SourceTitle "EXT 2008"]
[Source "ChessBase"]
[SourceDate "2007.11.25"]
[SourceVersion "1"]
[SourceVersionDate "2007.11.25"]
[SourceQuality "1"]

1. e4 e5 2. Nf3 Nc6 3. Bb5 d6 4. 0-0 Nf6 5. Re1 Bd7 6. c3 a6 7. Ba4 Qe7 8. Bc2 0-0-0 9. a4 g6 10. b4 a5 11. bxa5 Nxa5 12. Ba3 c5 13. d4 Bg7 14. Ng5 Rhe8 15. dxe5 dxe5 16. Bxc5 Qxc5 17. Nxf7 Bxa4 18. Nxd8 Rxd8 19. Qe2 Bxc2 20. Qxc2 Nc6 21. Ra8+ Nb8 22. Qb3 Qc6 23. f3 Bh6 24. Na3 Qc5+ 25. Kh1 Rd2 26. Rb1 Qc7 27. Nb5 Qd7 28. Qc4+ Qc6 29. Na7+ Kc7 30. Nxc6 Nxc6 31. Qf7+ Nd7 32. Qxh7 Bf4 33. Raa1 Rd6 34. Rd1 Rxd1+ 35. Rxd1 Kb6 36. Rxd7 Ka5 37. Rxb7 g5 38. Qh8 Ka4 39. Qa8+ Na5 40. Ra7 Kb3 1-0

[Event "CZE-ch U10"]
[Site "Zlate Hory"]
[Date "2006.03.17"]
[Round "8"]
[White "Novak, Jan"]
[Black "Novak, Jiri1111"]
[Result "0-1"]
[WhiteElo "1000"]
[BlackElo "1433"]
[PlyCount "116"]
[EventDate "2006.03.11"]
[EventType "swiss"]
[EventRounds "9"]
[EventCountry "CZE"]
[SourceTitle "EXT 2008"]
[Source "ChessBase"]
[SourceDate "2007.11.25"]
[SourceVersion "1"]
[SourceVersionDate "2007.11.25"]
[SourceQuality "1"]

1. e4 c5 2. Nc3 d6 3. Nf3 Bg4 4. d3 Nf6 5. Be3 Nc6 6. Be2 e6 7. 0-0 Be7 8. Qd2 0-0 9. h3 Bxf3 10. Bxf3 d5 11. exd5 exd5 12. d4 c4 13. Rad1 Bb4 14. a3 Ba5 15. b4 cxb3 16. cxb3 Bc7 17. g3 Qd6 18. Nb5 Qd7 19. Nxc7 Qxc7 20. Rfe1 Rfe8 21. Bg2 Ne4 22. Bxe4 Rxe4 23. Bf4 Rxe1+ 24. Rxe1 Qb6 25. Qe3 h6 26. Rd1 Rc8 27. Rc1 Rd8 28. Rd1 Na5 29. b4 Nc4 30. Qe7 Rf8 31. a4 Qa6 32. a5 g5 33. Be5 Qc6 34. Qf6 Qxf6 35. Bxf6 Re8 36. Kg2 Re2 37. Kf3 Rb2 38. Re1 Rxb4 39. Re8+ Kh7 40. h4 Kg6 41. Be7 Rb3+ 42. Kg2 Nxa5 43. g4 b5 44. h5+ Kg7 45. Rd8 Nc6 46. Bf8+ Kh7 47. Rd7 Rb1 48. Rxf7+ Kg8 49. Rf6 Nxd4 50. Bxh6 b4 51. Bxg5 Re1 52. Ra6 b3 53. Bf6 b2 54. Rxa7 b1Q 55. Rg7+ Kf8 56. h6 Qe4+ 57. Kh3 Rh1+ 58. Kg3 Qf3# 0-1

[Event "CZE-ch U10"]
[Site "Zlate Hory"]
[Date "2006.03.14"]
[Round "4"]
[White "Novak, Jan"]
[Black "Kopriva, Martin"]
[Result "0-1"]
[WhiteElo "1000"]
[BlackElo "1250"]
[PlyCount "52"]
[EventDate "2006.03.11"]
[EventType "swiss"]
[EventRounds "9"]
[EventCountry "CZE"]
[SourceTitle "EXT 2008"]
[Source "ChessBase"]
[SourceDate "2007.11.25"]
[SourceVersion "1"]
[SourceVersionDate "2007.11.25"]
[SourceQuality "1"]

1. e4 e5 2. Nf3 Nc6 3. d4 exd4 4. Nxd4 Bc5 5. Be3 Qf6 6. c3 Nge7 7. Bc4 0-0 8. 0-0 Re8 9. Qd2 Bd6 10. Nf3 Ne5 11. Be2 Nxf3+ 12. Bxf3 Ng6 13. g3 Qxf3 14. Na3 Bxa3 15. bxa3 d6 16. Qd1 Qxe4 17. Qe2 Bh3 18. f3 Qxe3+ 19. Qxe3 Rxe3 20. Rf2 Ne5 21. f4 Nf3+ 22. Kh1 Rae8 23. Rff1 Re2 24. Rxf3 Re1+ 25. Rxe1 Rxe1+ 26. Rf1 Rxf1# 0-1

[Event "CZE-ch U10"]
[Site "Zlate Hory"]
[Date "2006.03.12"]
[Round "2"]
[White "Kozel, Jiri"]
[Black "Novak, Jan"]
[Result "1-0"]
[WhiteElo "1250"]
[BlackElo "1000"]
[PlyCount "61"]
[EventDate "2006.03.11"]
[EventType "swiss"]
[EventRounds "9"]
[EventCountry "CZE"]
[SourceTitle "EXT 2008"]
[Source "ChessBase"]
[SourceDate "2007.11.25"]
[SourceVersion "1"]
[SourceVersionDate "2007.11.25"]
[SourceQuality "1"]

1. e4 e5 2. f4 exf4 3. Nf3 Nc6 4. d4 d6 5. Bc4 Nf6 6. Nc3 Be6 7. d5 Bd7 8. dxc6 Bxc6 9. 0-0 Qd7 10. e5 d5 11. exf6 dxc4 12. Qxd7+ Bxd7 13. Re1+ Be6 14. fxg7 Bxg7 15. Bxf4 0-0-0 16. Ng5 h6 17. Nxe6 fxe6 18. Rxe6 Bd4+ 19. Kh1 b6 20. Re7 Rd7 21. Rxd7 Kxd7 22. Rd1 c5 23. h3 h5 24. Be5 Rf8 25. Bxd4 cxd4 26. Rxd4+ Kc7 27. Rxc4+ Kb7 28. Nb5 Rf1+ 29. Kh2 Rf7 30. Nd6+ Ka6 31. Ra4# 1-0